Geometría descriptiva tridimensional

Uloženo v:
Podrobná bibliografie
Hlavní autor: Slaby, Steve M (Autor)
Médium: Kniha
Jazyk:španělština
Vydáno: Ciudad de México CRAT 1968
Témata:
Tagy: Přidat tag
Žádné tagy, Buďte první, kdo vytvoří štítek k tomuto záznamu!

MARC

LEADER 00000nam a2200000 a 4500
001 UCU2592
003 CL-VaPUC
008 960426e19680000MX |||||||||||||||||spa|d
082 0 4 |a 516.6  |b SLA  |2 21 
100 0 |a Slaby, Steve M  |e author  |9 358885 
245 1 0 |a Geometría descriptiva tridimensional 
300 |a 463 p 
942 |c BK 
945 |d 19960426 00:00:00  |a cmena 
260 |a Ciudad de México  |b CRAT  |c 1968 
650 0 |a Geometría proyectiva   |9 262638 
650 0 |a Geometría plana  |9 265855 
650 0 |a Figuras geométricas   |9 347994 
650 0 |a Vectores  |x Matemáticas   |9 269973 
650 0 |a Álgebra vectorial   |9 269971 
583 |a last modification  |c 20160104 00:44:36  |k Rodrigo Vera 
999 |c 246847  |d 246845 
952 |0 0  |1 0  |4 0  |6 516_600000000000000_SLA_1968  |7 0  |8 A  |9 262144  |a BIBMAT  |b BIBMAT  |d 2019-11-19  |i 1870564  |l 5  |o 516.6 SLA 1968  |p 1870564  |r 2025-01-07  |s 2023-04-03  |w 2019-11-19  |y BK  |k MAT